<?xml version="1.0" encoding="UTF-8"?><?xml-stylesheet type="text/xsl" href="static/style.xsl"?><OAI-PMH xmlns="http://www.openarchives.org/OAI/2.0/" xmlns:xsi="http://www.w3.org/2001/XMLSchema-instance" xsi:schemaLocation="http://www.openarchives.org/OAI/2.0/ http://www.openarchives.org/OAI/2.0/OAI-PMH.xsd"><responseDate>2026-04-17T05:18:52Z</responseDate><request verb="GetRecord" identifier="oai:www.recercat.cat:2072/335266" metadataPrefix="marc">https://recercat.cat/oai/request</request><GetRecord><record><header><identifier>oai:recercat.cat:2072/335266</identifier><datestamp>2026-01-14T12:28:50Z</datestamp><setSpec>com_2072_220028</setSpec><setSpec>com_2072_4427</setSpec><setSpec>col_2072_479371</setSpec></header><metadata><record xmlns="http://www.loc.gov/MARC21/slim" xmlns:dcterms="http://purl.org/dc/terms/" xmlns:xsi="http://www.w3.org/2001/XMLSchema-instance" xmlns:doc="http://www.lyncode.com/xoai" xsi:schemaLocation="http://www.loc.gov/MARC21/slim http://www.loc.gov/standards/marcxml/schema/MARC21slim.xsd">
   <leader>00925njm 22002777a 4500</leader>
   <datafield ind2=" " ind1=" " tag="042">
      <subfield code="a">dc</subfield>
   </datafield>
   <datafield ind2=" " ind1=" " tag="720">
      <subfield code="a">Rodríguez Martorell, Francesc</subfield>
      <subfield code="e">author</subfield>
   </datafield>
   <datafield ind2=" " ind1=" " tag="720">
      <subfield code="a">Macias Solé, Josep Maria</subfield>
      <subfield code="e">author</subfield>
   </datafield>
   <datafield ind2=" " ind1=" " tag="260">
      <subfield code="c">2018</subfield>
   </datafield>
   <datafield ind2=" " ind1=" " tag="520">
      <subfield code="a">Los últimos hallazgos arqueológicos de la zona portuaria de Tarragona han proporcionado nuevos datos dentro de la problemática desaparición de la Tarracona visigoda ante la irrupción del temprano al-Ándalus (c. 713-714). Este artículo incide en la dificultad de establecer dataciones cronológicas a partir del estudio de los contextos cerámicos. La situación costera de la ciudad facilitó las importaciones de numerosos productos mediterráneos, pero la ausencia de un conocimiento satisfactorio impide su caracterización temporal, así como la identificación del proceso de desaparición de la ciudad clásica.</subfield>
   </datafield>
   <datafield ind2=" " ind1=" " tag="520">
      <subfield code="a">The latest archaeological finds in Tarragona port area have provided new data that it must have an effect in the problematic disappearance of visigothic Tarracona before the irruption of early al-Andalus (c. 713-714). This article focuses on the difficulty of establishing chronological dates based on pottery deposits study. Its coastal situation facilitated the importation of numerous Mediterranean products but the absence of satisfactory knowledge prevents its temporal characterization, as well as the identification of the disappearance of the city.</subfield>
   </datafield>
   <datafield ind1="8" ind2=" " tag="024">
      <subfield code="a">http://hdl.handle.net/2072/335266</subfield>
   </datafield>
   <datafield ind2="0" ind1="0" tag="245">
      <subfield code="a">Buscando el siglo VIII en el puerto de Tarracona entre la residualidad y el desconocimiento</subfield>
   </datafield>
</record></metadata></record></GetRecord></OAI-PMH>